[Event "XVI Festival A"]
[Site "Montecatini Terme ITA"]
[Date "2009.12.??"]
[Round "1"]
[White "Djuric, Stefan"]
[Black "Manino, Edoardo"]
[Result "1-0"]
[WhiteElo "2411"]
[BlackElo "1960"]
[PlyCount "39"]
[EventDate "2009.12.27"]

1. e4 e6 2. d4 d5 3. e5 c5 4. c3 Nc6 5. Nf3 Qb6 6. Be2 Nh6 7. Bxh6 Qxb2 8. Bc1
Qxa1 9. Qc2 Bd7 10. dxc5 Bxc5 11. O-O Nd4 12. cxd4 Bxd4 13. Ba3 Bxe5 14. Bb5
Bf6 15. Qa4 Rd8 16. Rc1 Qxa2 17. Bxd7+ Rxd7 18. Ne5 Be7 19. Qxd7+ Kf8 20. Rc8#
1-0

[Event "XVI Festival A"]
[Site "Montecatini Terme ITA"]
[Date "2009.12.??"]
[Round "1"]
[White "Tocchioni, Doriano"]
[Black "Melone, Antonio"]
[Result "1-0"]
[WhiteElo "2290"]
[BlackElo "1927"]
[PlyCount "77"]
[EventDate "2009.12.27"]

1. d4 Nf6 2. Nf3 g6 3. Nc3 d5 4. Bg5 Bg7 5. Bxf6 Bxf6 6. e4 dxe4 7. Nxe4 Bg7 8.
Bc4 O-O 9. c3 a6 10. h4 b5 11. Bb3 Bg4 12. h5 Bxh5 13. Neg5 Qd6 14. Nxh7 Rd8
15. Nhg5 e6 16. Nxf7 Kxf7 17. Ng5+ Ke7 18. Rxh5 gxh5 19. Qf3 Rf8 20. Qxa8 Nc6
21. Qxa6 Qh2 22. Qxc6 Qg1+ 23. Ke2 Qxf2+ 24. Kd3 Qg3+ 25. Nf3 Qxg2 26. Qxc7+
Ke8 27. Qc8+ Ke7 28. Qxe6+ Kd8 29. Qb6+ Kd7 30. Qxb5+ Kc7 31. Qc5+ Kd8 32. Qd6+
Kc8 33. Be6+ Kb7 34. Bd5+ Kc8 35. Qc6+ Kd8 36. Qa8+ Kc7 37. Qb7+ Kd8 38. Qb8+
Kd7 39. Ne5+ 1-0

[Event "XVI Festival A"]
[Site "Montecatini Terme ITA"]
[Date "2009.12.??"]
[Round "3"]
[White "Corso, Roberto"]
[Black "Finocchiaro, Gianluca"]
[Result "0-1"]
[WhiteElo "2083"]
[BlackElo "2065"]
[PlyCount "50"]
[EventDate "2009.12.27"]

1. d4 Nf6 2. c4 g6 3. Nc3 d5 4. cxd5 Nxd5 5. Bd2 Bg7 6. e4 Nxc3 7. Bxc3 O-O 8.
Bb5 c5 9. d5 Bxc3+ 10. bxc3 a6 11. Be2 Nd7 12. Nf3 Nf6 13. Qc2 Nh5 14. Nd2 Nf4
15. Bf3 f5 16. c4 fxe4 17. Bxe4 Bf5 18. g3 Ng2+ 19. Kd1 Bg4+ 20. Kc1 Rxf2 21.
Bxg2 Rxg2 22. Qe4 Qa5 23. Nb1 Bh3 24. Rf1 Qb4 25. g4 Qb2+ 0-1

[Event "XVI Festival A"]
[Site "Montecatini Terme ITA"]
[Date "2009.12.??"]
[Round "3"]
[White "Franchini, Gabriele"]
[Black "Manino, Edoardo"]
[Result "0-1"]
[WhiteElo "2179"]
[BlackElo "1960"]
[PlyCount "58"]
[EventDate "2009.12.27"]

1. e4 e6 2. d4 d5 3. Nc3 Bb4 4. Nge2 dxe4 5. a3 Be7 6. Nxe4 Nf6 7. Qd3 Nbd7 8.
Bf4 b6 9. O-O-O Bb7 10. f3 O-O 11. N2c3 c5 12. dxc5 Nxc5 13. Qb5 Qc8 14. Nxc5
Qxc5 15. Qxc5 Bxc5 16. Bd3 Nd5 17. Nxd5 Bxd5 18. Bb5 a6 19. Bd3 Rfd8 20. b4 Be7
21. Bc7 Rdc8 22. Bxb6 Rc3 23. Bd4 Rxa3 24. c4 Bc6 25. b5 axb5 26. cxb5 Bg5+ 27.
Kb1 Rb3+ 28. Kc2 Bd5 29. Rd2 Ra2+ 0-1

[Event "XVI Festival A"]
[Site "Montecatini Terme ITA"]
[Date "2009.12.??"]
[Round "3"]
[White "Giancotti, Eraldo"]
[Black "Melone, Antonio"]
[Result "0-1"]
[WhiteElo "2112"]
[BlackElo "1927"]
[PlyCount "64"]
[EventDate "2009.12.27"]

1. d4 Nf6 2. e3 d5 3. Bd3 c5 4. c3 Nc6 5. dxc5 a5 6. Bb5 e5 7. b4 Be7 8. Nf3
Qc7 9. Bb2 Bg4 10. Qb3 O-O 11. a3 Bxf3 12. gxf3 b6 13. cxb6 Qxb6 14. Bxc6 Qxc6
15. Nd2 Nd7 16. O-O a4 17. Qc2 f5 18. Kh1 Bh4 19. Qd3 e4 20. Qe2 Ne5 21. c4 Nd3
22. cxd5 Qxd5 23. Bd4 Rac8 24. Rg1 g6 25. Rg2 Rc7 26. Rag1 Rfc8 27. h3 Rc2 28.
fxe4 fxe4 29. f3 Rxd2 30. Qxd2 exf3 31. Qxd3 fxg2+ 32. Kh2 Qd6+ 0-1

[Event "XVI Festival A"]
[Site "Montecatini Terme ITA"]
[Date "2009.12.??"]
[Round "4"]
[White "Manino, Edoardo"]
[Black "Frugoli, Francesco"]
[Result "1/2-1/2"]
[WhiteElo "1960"]
[BlackElo "2173"]
[PlyCount "70"]
[EventDate "2009.12.27"]

1. d4 Nf6 2. c4 e6 3. Nf3 Bb4+ 4. Bd2 Qe7 5. a3 Bxd2+ 6. Qxd2 O-O 7. g3 d6 8.
Bg2 e5 9. Nc3 Nc6 10. b4 Re8 11. d5 e4 12. dxc6 exf3 13. Bxf3 b6 14. O-O Bh3
15. Rfe1 Qe5 16. Nd5 Nxd5 17. Qxd5 Qf6 18. Bg2 Bxg2 19. Qxg2 Rxe2 20. Qf1 Re6
21. Rxe6 fxe6 22. Re1 e5 23. f4 exf4 24. Qxf4 Qxf4 25. gxf4 Kf7 26. Kf2 a5 27.
b5 Re8 28. Rxe8 Kxe8 29. Kf3 Ke7 30. f5 Kf6 31. Kf4 a4 32. h3 h6 33. h4 h5 34.
Ke4 Kf7 35. Kf3 Ke7 1/2-1/2

[Event "XVI Festival C"]
[Site "Montecatini Terme ITA"]
[Date "2009.12.??"]
[Round "1"]
[White "De Palo, Lorenzo"]
[Black "De Filomeno, Elisa"]
[Result "1/2-1/2"]
[WhiteElo "1473"]
[BlackElo "1422"]
[PlyCount "63"]
[EventDate "2009.12.27"]

1. e4 e5 2. Nf3 Nf6 3. Nxe5 d6 4. Nf3 Nxe4 5. Qe2 Qe7 6. d3 Nf6 7. Qxe7+ Bxe7
8. Be2 O-O 9. Nc3 c6 10. O-O Bf5 11. Nd2 Nbd7 12. Nde4 Nxe4 13. dxe4 Bg6 14. f4
f5 15. Bd3 Nc5 16. exf5 Bxf5 17. Bxf5 Rxf5 18. Re1 Re8 19. Ne4 Nxe4 20. Rxe4 d5
21. Re2 Bc5+ 22. Kf1 Rxe2 23. Kxe2 Rf6 24. Bd2 g5 25. g3 Re6+ 26. Kd3 g4 27.
Re1 Rxe1 28. Bxe1 Kf7 29. b4 Bd6 30. Ke2 Ke6 31. Ke3 b6 32. a3 1/2-1/2

[Event "XVI Festival B"]
[Site "Montecatini Terme ITA"]
[Date "2009.12.??"]
[Round "1"]
[White "Reggio, Davide"]
[Black "Taffi, Andrea"]
[Result "1/2-1/2"]
[WhiteElo "1533"]
[BlackElo "1725"]
[PlyCount "60"]
[EventDate "2009.12.27"]

1. e4 e5 2. Nf3 Nc6 3. d4 exd4 4. Nxd4 Nf6 5. Nc3 Bb4 6. Nxc6 bxc6 7. Bd3 d5 8.
exd5 cxd5 9. O-O O-O 10. Bd2 c6 11. Na4 Bd6 12. Re1 Rb8 13. c3 Qc7 14. h3 Bd7
15. Rb1 Rfe8 16. Rxe8+ Rxe8 17. Be3 Ne4 18. Bxe4 Rxe4 19. b4 Bf5 20. Rc1 Qe7
21. Qf3 Bg6 22. Nc5 Bxc5 23. Bxc5 Re1+ 24. Rxe1 Qxe1+ 25. Kh2 Qe5+ 26. Qg3
Qxg3+ 27. Kxg3 a6 28. Kf4 f6 29. Ke3 Bb1 30. a3 Kf7 1/2-1/2

[Event "XX Festival B"]
[Site "Robecchetto con Induno ITA"]
[Date "2009.12.27"]
[Round "1"]
[White "Astanovskaya, Yulia"]
[Black "Primerano, Carlo"]
[Result "1-0"]
[WhiteElo "1951"]
[BlackElo "1717"]
[PlyCount "27"]
[EventDate "2009.12.27"]

1. e4 c5 2. c3 Nf6 3. e5 Nd5 4. d4 e6 5. Nf3 Nc6 6. c4 Nb6 7. d5 Ne7 8. d6 Ng6
9. h4 h5 10. Bg5 f6 11. Bd3 Kf7 12. Qc2 fxg5 13. Bxg6+ Kg8 14. Nxg5 1-0

[Event "XX Festival B"]
[Site "Robecchetto con Induno ITA"]
[Date "2009.12.27"]
[Round "1"]
[White "Barazza, Remo"]
[Black "Tamassia, Gabriele"]
[Result "1/2-1/2"]
[WhiteElo "1545"]
[BlackElo "1773"]
[PlyCount "63"]
[EventDate "2009.12.27"]

1. d4 Nf6 2. c4 g6 3. Nc3 Bg7 4. Nf3 O-O 5. e3 d6 6. Be2 Nbd7 7. O-O a6 8. Bd2
c5 9. dxc5 Nxc5 10. Qc2 Bf5 11. Qd1 Nce4 12. Nd4 Nxd2 13. Qxd2 Bd7 14. Bf3 Rb8
15. Rfd1 Qa5 16. Nd5 Qd8 17. Rac1 Nxd5 18. Bxd5 Qb6 19. b3 Bg4 20. Bf3 Bxf3 21.
Nxf3 Rbc8 22. Rc2 Rfd8 23. Rdc1 Bf6 24. Ne1 Rc6 25. Nd3 a5 26. Nf4 e6 27. Qe2
Qc7 28. Qf3 Be5 29. Nd3 Bg7 30. Qe2 b6 31. Ne1 Be5 32. Nf3 1/2-1/2

[Event "XX Festival B"]
[Site "Robecchetto con Induno ITA"]
[Date "2009.12.27"]
[Round "1"]
[White "Bencivenga, Antonio"]
[Black "Alberio, Silvio"]
[Result "0-1"]
[WhiteElo "1353"]
[BlackElo "1723"]
[PlyCount "82"]
[EventDate "2009.12.27"]

1. d4 Nf6 2. c4 g6 3. Nc3 d5 4. Nf3 Bg7 5. Bf4 O-O 6. Qc1 Bg4 7. Bh6 Bxf3 8.
Bxg7 Kxg7 9. exf3 dxc4 10. Qe3 Nc6 11. Rd1 Nd5 12. Qd2 e6 13. Bxc4 Nxc3 14.
bxc3 a6 15. O-O Qf6 16. f4 Rad8 17. a4 Ne7 18. Qe3 Nd5 19. Bxd5 Rxd5 20. c4 Rd6
21. Qe5 Rfd8 22. Rb1 b6 23. c5 bxc5 24. Qxf6+ Kxf6 25. dxc5 Rc6 26. Rfc1 Rd4
27. Ra1 Rxf4 28. f3 Rf5 29. Rcb1 Rfxc5 30. Rb7 Rb6 31. Ra7 a5 32. f4 h5 33. Kf2
Kf5 34. g3 Rb3 35. Ra2 h4 36. Kg2 hxg3 37. hxg3 Kg4 38. Ra8 Rxg3+ 39. Kf2 Rcc3
40. Rxa5 Rcf3+ 41. Ke1 Rg1+ 0-1

[Event "XX Festival B"]
[Site "Robecchetto con Induno ITA"]
[Date "2009.12.27"]
[Round "1"]
[White "Bongiorni, Gabriele"]
[Black "Costantino, Gian Franco"]
[Result "1-0"]
[WhiteElo "1804"]
[BlackElo "1572"]
[PlyCount "103"]
[EventDate "2009.12.27"]

1. Nf3 Nf6 2. c4 g6 3. Nc3 Bg7 4. e4 d6 5. d4 O-O 6. Be2 Nbd7 7. O-O e5 8. Be3
h6 9. Ne1 exd4 10. Bxd4 Re8 11. f3 Ne5 12. Qd2 Nc6 13. Be3 Kh7 14. Nd3 b6 15.
Rac1 a5 16. Nb5 Bb7 17. Nf4 Nd7 18. Nd5 Rc8 19. Rfd1 Nc5 20. Nd4 Ne5 21. b4
axb4 22. Qxb4 Bxd5 23. cxd5 Ra8 24. Rc2 Ra4 25. Qb1 Rf8 26. Bb5 Ra3 27. Bc1 Ra7
28. f4 Ng4 29. Nc6 Qh4 30. h3 Nxe4 31. hxg4 Qxg4 32. Bb2 Rxa2 33. Bxg7 Rxc2 34.
Qxc2 Kxg7 35. Rf1 Ng3 36. Rf3 Nf5 37. Qc3+ Kh7 38. Nd4 Ra8 39. Nxf5 Qxf5 40.
Kh2 Qxd5 41. Bc6 Qh5+ 42. Rh3 Qg4 43. Bxa8 Qxf4+ 44. Qg3 Qxg3+ 45. Rxg3 Kg7 46.
Bc6 Kf6 47. Rf3+ Ke6 48. g4 f5 49. gxf5+ gxf5 50. Rh3 b5 51. Rxh6+ Ke5 52. Bxb5
1-0

[Event "XX Festival B"]
[Site "Robecchetto con Induno ITA"]
[Date "2009.12.27"]
[Round "1"]
[White "Brioschi, Camillo"]
[Black "Madaschi, Sergio"]
[Result "1-0"]
[WhiteElo "1823"]
[BlackElo "1587"]
[PlyCount "29"]
[EventDate "2009.12.27"]

1. d4 d5 2. Nf3 Nf6 3. e3 e6 4. Bd3 Be7 5. Nbd2 Nbd7 6. O-O O-O 7. Re1 c5 8. c3
Qc7 9. e4 dxe4 10. Nxe4 Nxe4 11. Rxe4 Nf6 12. Rh4 h6 13. Bxh6 gxh6 14. Qd2 Rd8
15. Qxh6 1-0

[Event "XX Festival B"]
[Site "Robecchetto con Induno ITA"]
[Date "2009.12.27"]
[Round "1"]
[White "Cervini, Gian Piero"]
[Black "Vuckovic, Dimitrije"]
[Result "1-0"]
[WhiteElo "1765"]
[BlackElo "1545"]
[PlyCount "63"]
[EventDate "2009.12.27"]

1. e4 c5 2. c3 Nc6 3. d4 cxd4 4. cxd4 d5 5. exd5 Qxd5 6. Nf3 g6 7. Nc3 Qa5 8.
d5 Nb8 9. Qb3 a6 10. Be3 Nd7 11. Ne5 Ngf6 12. Be2 Bg7 13. Rd1 b5 14. Nc6 Qc7
15. O-O Bb7 16. Bf3 Ne5 17. Nxe5 Qxe5 18. Rfe1 Qd6 19. g3 O-O 20. Bf4 Qd7 21.
Ne4 Nxe4 22. Bxe4 Kh8 23. d6 e6 24. Bxb7 Qxb7 25. Bg5 Qd7 26. Be7 Rfc8 27. Rc1
Rc6 28. Qf3 Rxc1 29. Rxc1 Qe8 30. d7 Qxe7 31. Qxa8+ Bf8 32. d8=Q 1-0

[Event "XX Festival B"]
[Site "Robecchetto con Induno ITA"]
[Date "2009.12.27"]
[Round "1"]
[White "Conta, Diego"]
[Black "Mondini, Francesco"]
[Result "0-1"]
[WhiteElo "1749"]
[BlackElo "1477"]
[PlyCount "118"]
[EventDate "2009.12.27"]

1. d4 Nf6 2. Nf3 d5 3. c4 c6 4. Nc3 g6 5. Bg5 Bg7 6. e3 Bg4 7. h3 Bxf3 8. Qxf3
e6 9. Bd3 dxc4 10. Bxc4 Nbd7 11. O-O Qa5 12. Bf4 Qb4 13. Bb3 O-O 14. Rfd1 Nd5
15. Nxd5 cxd5 16. Rac1 Rac8 17. Qe2 Nf6 18. f3 a5 19. Qd3 a4 20. Rxc8 Rxc8 21.
Bc2 Nh5 22. Bh2 Qxb2 23. Bxa4 Rc3 24. Qd2 Qxd2 25. Rxd2 Rxe3 26. Kf2 Rc3 27. g4
Bh6 28. Rb2 Be3+ 29. Ke2 Bxd4 30. Rxb7 Re3+ 31. Kd1 Rxf3 32. gxh5 Rf1+ 33. Ke2
Rf2+ 34. Kd3 e5 35. h6 Rf3+ 36. Ke2 Rf2+ 37. Ke1 Kf8 38. Bg1 Rxa2 39. Bxd4 Rxa4
40. Bxe5 Re4+ 41. Kd2 Rxe5 42. Rb8+ Ke7 43. Rh8 Rh5 44. Rxh7 Kf6 45. Ke3 Rh4
46. Rh8 g5 47. Rh7 Kg6 48. Rg7+ Kxh6 49. Rxf7 d4+ 50. Kd3 Kg6 51. Rf3 Kg7 52.
Rg3 Kf6 53. Rg4 Rxg4 54. hxg4 Ke5 55. Ke2 Ke4 56. Kd2 d3 57. Kd1 Kf3 58. Kd2
Kxg4 59. Kxd3 Kf3 0-1

[Event "XX Festival B"]
[Site "Robecchetto con Induno ITA"]
[Date "2009.12.27"]
[Round "1"]
[White "Di Chiara, Mauro"]
[Black "Collaro, Paolo"]
[Result "1/2-1/2"]
[WhiteElo "1864"]
[BlackElo "1643"]
[PlyCount "54"]
[EventDate "2009.12.27"]

1. d4 d5 2. Nf3 Nf6 3. c4 c6 4. Nc3 dxc4 5. e3 b5 6. a4 b4 7. Na2 e6 8. Bxc4
Be7 9. O-O O-O 10. Ne5 Bb7 11. Bd2 a5 12. Nc1 Nbd7 13. Ncd3 c5 14. dxc5 Nxc5
15. Nxc5 Bxc5 16. Qe2 Qc7 17. Nf3 Ng4 18. g3 Qc6 19. e4 Qxe4 20. Qxe4 Bxe4 21.
Be2 Nf6 22. Rac1 Bb6 23. Ne5 Bd4 24. Nc4 Rfd8 25. Bf4 Nd5 26. Be5 Bxe5 27. Nxe5
Nb6 1/2-1/2

[Event "XX Festival B"]
[Site "Robecchetto con Induno ITA"]
[Date "2009.12.27"]
[Round "1"]
[White "Folcini, Gaddo"]
[Black "Rossini, Luca"]
[Result "1/2-1/2"]
[WhiteElo "1513"]
[BlackElo "1751"]
[PlyCount "104"]
[EventDate "2009.12.27"]

1. d4 Nf6 2. e4 Nxe4 3. Nf3 e6 4. Bd3 Nf6 5. Bg5 Be7 6. Nbd2 d5 7. Ne5 Nbd7 8.
Ndf3 O-O 9. h4 h6 10. Nxd7 Bxd7 11. Ne5 Nh7 12. Nxd7 Qxd7 13. Bxh6 gxh6 14. Qh5
Kg7 15. Rh3 Bd6 16. f4 Bxf4 17. Qg4+ Ng5 18. Qxf4 Nxh3 19. Qg4+ Kf6 20. Qxh3
Ke7 21. O-O-O Qd6 22. Rf1 f5 23. Qe3 f4 24. Qf3 Rf6 25. g4 Rg8 26. Rg1 Rf7 27.
h5 e5 28. dxe5 Qxe5 29. Qh1 Qe3+ 30. Kb1 Kd6 31. Re1 Qd4 32. Rd1 Qe5 33. Be4 c6
34. c4 d4 35. Bf3 Re7 36. Qh2 c5 37. Qh1 b6 38. Bb7 Rc7 39. Re1 Qxe1+ 40. Qxe1
Rxb7 41. Qe4 Rf7 42. Qd5+ Ke7 43. Qe5+ Kd7 44. Qd5+ Ke7 45. Qe5+ Kf8 46. Qd6+
Kg7 47. Qe5+ Rf6 48. g5 hxg5 49. Qxg5+ Kf7 50. Qd5+ Re6 51. Qf5+ Ke7 52. Qh7+
Kf8 1/2-1/2

[Event "XX Festival B"]
[Site "Robecchetto con Induno ITA"]
[Date "2009.12.27"]
[Round "1"]
[White "Fortunato, Lorenzo"]
[Black "Spornberger, Andre"]
[Result "1-0"]
[WhiteElo "1841"]
[BlackElo "1777"]
[PlyCount "65"]
[EventDate "2009.12.27"]

1. e4 d5 2. exd5 Nf6 3. Bb5+ Bd7 4. Be2 Nxd5 5. Nc3 Nb6 6. d4 g6 7. Nf3 Bg7 8.
Bf4 O-O 9. Qd2 Nc6 10. O-O-O Bg4 11. d5 Nb4 12. Bh6 f6 13. a3 Na6 14. Bxg7 Kxg7
15. Nd4 Bd7 16. h4 Rc8 17. Bb5 Rg8 18. h5 g5 19. f4 h6 20. fxg5 hxg5 21. h6+
Kh8 22. h7 Rg7 23. Qd3 Nc5 24. Qe3 Bxb5 25. Ndxb5 Ncd7 26. Nxa7 Ra8 27. Nc6
bxc6 28. dxc6 Nc4 29. Qe6 Nd6 30. cxd7 Rxh7 31. Rxh7+ Kxh7 32. Nd5 Kg7 33. Nxe7
1-0

[Event "XX Festival B"]
[Site "Robecchetto con Induno ITA"]
[Date "2009.12.27"]
[Round "1"]
[White "Giunto, Andrea"]
[Black "Pennati, Roberto"]
[Result "1-0"]
[WhiteElo "1934"]
[BlackElo "1697"]
[PlyCount "45"]
[EventDate "2009.12.27"]

1. e4 d6 2. d4 g6 3. h3 Bg7 4. Nf3 Nf6 5. Nc3 Nbd7 6. Bc4 O-O 7. O-O c6 8. Bb3
b5 9. a3 Ba6 10. Re1 Qc7 11. e5 dxe5 12. dxe5 Nd5 13. Nxd5 cxd5 14. e6 Nb6 15.
exf7+ Kh8 16. Ng5 Bc8 17. Bxd5 Nxd5 18. Qxd5 Bf5 19. Ne6 Bxe6 20. Qxe6 Rad8 21.
Bg5 Bxb2 22. Bxe7 Bxa1 23. Qf6+ 1-0

[Event "XX Festival B"]
[Site "Robecchetto con Induno ITA"]
[Date "2009.12.27"]
[Round "1"]
[White "Marchesotti, Giovanni"]
[Black "Testa, Loris"]
[Result "0-1"]
[WhiteElo "1617"]
[BlackElo "1841"]
[PlyCount "46"]
[EventDate "2009.12.27"]

1. e4 e5 2. Nf3 Nc6 3. Bb5 a6 4. Ba4 Nf6 5. O-O Be7 6. Re1 b5 7. Bb3 O-O 8. c3
d5 9. exd5 e4 10. Ng5 Bg4 11. Qc2 Ne5 12. Nxe4 Nxe4 13. Qxe4 Bd6 14. d4 f5 15.
Qc2 Nf3+ 16. gxf3 Qh4 17. f4 Bf3 18. Re3 Qg4+ 19. Kf1 Qg2+ 20. Ke1 Qg1+ 21. Kd2
Qxf2+ 22. Kd3 Qf1+ 23. Kd2 Bxf4 0-1

[Event "XX Festival B"]
[Site "Robecchetto con Induno ITA"]
[Date "2009.12.27"]
[Round "1"]
[White "Merlotti, Marco"]
[Black "Colombo, Luca"]
[Result "1/2-1/2"]
[WhiteElo "1661"]
[BlackElo "1886"]
[PlyCount "141"]
[EventDate "2009.12.27"]

1. d4 Nf6 2. c4 e5 3. dxe5 Ng4 4. Bf4 g5 5. Bg3 Bg7 6. Nf3 Nc6 7. Nc3 Ngxe5 8.
Nxe5 Nxe5 9. e3 h5 10. h4 g4 11. Qc2 d6 12. Nd5 c6 13. Nf4 Qa5+ 14. Qd2 Qxd2+
15. Kxd2 Bd7 16. Rd1 O-O-O 17. Kc1 Bf5 18. b3 Be4 19. Rd4 d5 20. cxd5 cxd5 21.
Be2 Rd7 22. Kd2 Ng6 23. Rc1+ Kd8 24. Bb5 Bxd4 25. Nxg6 fxg6 26. Bxd7 Bxe3+ 27.
Kxe3 Kxd7 28. Rc7+ Ke6 29. Rxb7 Bxg2 30. Rxa7 Re8 31. Kd4 Rc8 32. Ra6+ Kf7 33.
Ra7+ Ke6 34. Rc7 Re8 35. a4 Rf8 36. Rc6+ Kf5 37. a5 Re8 38. Rc5 g5 39. b4 gxh4
40. Bxh4 Re1 41. a6 Rd1+ 42. Ke3 Ke6 43. a7 d4+ 44. Kf4 d3 45. Kg3 Bf3 46. Bg5
d2 47. Bxd2 Rxd2 48. Rxh5 Ra2 49. Rh6+ Kd5 50. Rh5+ Kc6 51. Rh8 Rxa7 52. Rh5
Ra3 53. Rc5+ Kb6 54. Rg5 Rb3 55. Rg6+ Kb5 56. Rg5+ Kxb4 57. Kf4 Kc3 58. Re5
Rb4+ 59. Kg3 Kd4 60. Rf5 Rb1 61. Rf8 Rg1+ 62. Kf4 Kd3 63. Rb8 Rg2 64. Rb3+ Ke2
65. Rb2+ Kf1 66. Ke3 Rxf2 67. Rxf2+ Kg1 68. Rb2 Bg2 69. Kf4 Bf3 70. Kg3 Kf1 71.
Rf2+ 1/2-1/2

[Event "XX Festival B"]
[Site "Robecchetto con Induno ITA"]
[Date "2009.12.27"]
[Round "1"]
[White "Moroni, Luca jr"]
[Black "Ronconi, Fausto"]
[Result "1-0"]
[WhiteElo "1572"]
[BlackElo "1778"]
[PlyCount "87"]
[EventDate "2009.12.27"]

1. e4 e6 2. d4 d5 3. exd5 exd5 4. Bd3 Nf6 5. c3 Bd6 6. Nf3 O-O 7. O-O c6 8. Qc2
h6 9. h3 Be6 10. Re1 c5 11. Nbd2 Nbd7 12. dxc5 Nxc5 13. Nd4 Nxd3 14. Qxd3 Bd7
15. Nf1 Ne4 16. Ne3 Qf6 17. Nf3 Bc5 18. Qxd5 Bc6 19. Qe5 Qg6 20. Qf4 Bd6 21.
Qg4 Qf6 22. Qf5 Qd8 23. Nd4 Qc7 24. Nxc6 Qxc6 25. Qd5 Bh2+ 26. Kxh2 Qc7+ 27.
Kg1 Qf4 28. Qf5 Qh4 29. g3 Nxg3 30. Qg4 Qxg4 31. Nxg4 Nf5 32. Bf4 Nh4 33. Re3
Rad8 34. Kf1 Rd2 35. Re2 Rd7 36. Bxh6 gxh6 37. Nf6+ Kg7 38. Nxd7 Rd8 39. Nc5 b6
40. Nb3 Rd6 41. Nd4 Kg6 42. Re4 Nf5 43. Rg4+ Kf6 44. Rf4 1-0

[Event "XX Festival B"]
[Site "Robecchetto con Induno ITA"]
[Date "2009.12.27"]
[Round "1"]
[White "Motola, Jacopo"]
[Black "Petrone, Gianmario"]
[Result "0-1"]
[WhiteElo "1455"]
[BlackElo "1736"]
[PlyCount "54"]
[EventDate "2009.12.27"]

1. e4 c5 2. Nf3 d6 3. d4 cxd4 4. Nxd4 Nf6 5. Nc3 a6 6. Bg5 e6 7. f4 Qc7 8. Qf3
b5 9. e5 Bb7 10. exd6 Bxd6 11. Qf2 Nbd7 12. Be2 Bb4 13. Bf3 Bxc3+ 14. bxc3
Qxc3+ 15. Ke2 Qc4+ 16. Ke1 Bxf3 17. Qxf3 Nd5 18. Qf2 Nc5 19. Nb3 Nxb3 20. axb3
Qc3+ 21. Kf1 Qxa1+ 22. Ke2 Qxh1 23. Qc5 Qxg2+ 24. Kd1 Qf3+ 25. Kd2 Qe3+ 26.
Qxe3 Nxe3 27. Kxe3 Rc8 0-1

[Event "XX Festival B"]
[Site "Robecchetto con Induno ITA"]
[Date "2009.12.27"]
[Round "1"]
[White "Nastasi, Ivano"]
[Black "Gonella, Graziano"]
[Result "1-0"]
[WhiteElo "1722"]
[BlackElo "1179"]
[PlyCount "120"]
[EventDate "2009.12.27"]

1. d4 d5 2. c4 e6 3. Nc3 Nf6 4. Bg5 Nc6 5. Nf3 Be7 6. e3 b6 7. Be2 h6 8. Bf4
Nh5 9. Bg3 Nxg3 10. hxg3 Bb7 11. cxd5 exd5 12. Qc2 Qd7 13. Bb5 a6 14. Be2 O-O-O
15. Nh2 f5 16. a3 Rdf8 17. Bf3 Na7 18. Rc1 Kd8 19. Be2 Bf6 20. g4 g6 21. O-O
Rhg8 22. Bf3 Bg5 23. Bxd5 Bxd5 24. Nxd5 Rg7 25. Nb4 a5 26. Nc6+ Nxc6 27. Qxc6
Rf6 28. Qxd7+ Kxd7 29. Rc2 Rff7 30. Rfc1 Kc8 31. Rc6 Rf6 32. R6c2 Kb7 33. gxf5
gxf5 34. Nf3 c6 35. Ne5 Rc7 36. Kh2 h5 37. f4 Bh6 38. Kg3 Rg7+ 39. Kf2 Rc7 40.
Rh1 c5 41. dxc5 Rxc5 42. Rxc5 bxc5 43. Rxh5 Kb6 44. Nd7+ Kc6 45. Nxf6 Bg7 46.
Rxf5 Kb5 47. e4 a4 48. e5 Bf8 49. e6 Be7 50. Ne4 Kc4 51. Rxc5+ Bxc5+ 52. Nxc5
Kxc5 53. e7 Kc4 54. e8=Q Kb3 55. Qb5+ Ka2 56. f5 Kb1 57. f6 Kc2 58. f7 Kc1 59.
f8=Q Kc2 60. Qc4+ Kb1 1-0

[Event "XX Festival B"]
[Site "Robecchetto con Induno ITA"]
[Date "2009.12.27"]
[Round "1"]
[White "Oteri, Aldo"]
[Black "Rigotti, Gianluigi"]
[Result "0-1"]
[WhiteElo "1826"]
[BlackElo "1608"]
[PlyCount "74"]
[EventDate "2009.12.27"]

1. e4 e5 2. Nf3 Nf6 3. Nc3 d6 4. d4 Bg4 5. dxe5 Bxf3 6. Qxf3 dxe5 7. Bc4 Be7 8.
Be3 c6 9. O-O Qc7 10. a4 O-O 11. g4 Nbd7 12. g5 Ne8 13. h4 Nd6 14. Bb3 Kh8 15.
Rad1 f5 16. exf5 Nxf5 17. Qh3 Nc5 18. Bxc5 Bxc5 19. Ne4 Bb6 20. c3 Rad8 21.
Rxd8 Qxd8 22. Rd1 Qc8 23. h5 Nd6 24. Qxc8 Nxc8 25. Rd7 Rd8 26. Rxb7 Nd6 27.
Nxd6 Rxd6 28. Re7 Rd8 29. Rxe5 Rf8 30. Re2 Bd8 31. f4 Bc7 32. f5 Bf4 33. f6
gxf6 34. gxf6 Rxf6 35. Re8+ Kg7 36. Re7+ Kh6 37. Rxh7+ Kxh7 0-1

[Event "XX Festival B"]
[Site "Robecchetto con Induno ITA"]
[Date "2009.12.27"]
[Round "1"]
[White "Pandini, Giuseppe"]
[Black "Rossi, Giampiero"]
[Result "1/2-1/2"]
[WhiteElo "1702"]
[BlackElo "1936"]
[PlyCount "148"]
[EventDate "2009.12.27"]

1. f4 d5 2. Nf3 c6 3. e3 Bg4 4. Be2 e6 5. b3 Nd7 6. Bb2 Ngf6 7. O-O Be7 8. d3
O-O 9. Nbd2 a5 10. a4 Qb6 11. d4 Rfc8 12. c3 c5 13. Ba3 Bf8 14. Ne5 Bxe2 15.
Qxe2 cxd4 16. cxd4 Bxa3 17. Rxa3 Qb4 18. Ra2 Rc7 19. Nd3 Qb6 20. Rc1 Rac8 21.
Rxc7 Rxc7 22. Rb2 Qa6 23. Kf2 Rc3 24. Ne1 Qxe2+ 25. Kxe2 Ng4 26. Nf1 f6 27. h3
Nh6 28. Kd2 Rc7 29. Rc2 Rxc2+ 30. Kxc2 Nf5 31. g4 Nd6 32. Nd2 Kf7 33. Nef3 Ke7
34. Kd3 b5 35. axb5 Nxb5 36. e4 Nb6 37. e5 Nd7 38. Nb1 Nb8 39. Nc3 Nxc3 40.
Kxc3 Nc6 41. Ne1 g5 42. exf6+ Kxf6 43. Nd3 Nd8 44. Kd2 gxf4 45. Nxf4 Nf7 46. h4
Nd6 47. Ke3 Ne4 48. Nd3 Ke7 49. Ne5 Kd6 50. h5 Ke7 51. Nc6+ Kd7 52. Ne5+ Kc7
53. Nf3 Kd6 54. g5 Ng3 55. g6 hxg6 56. hxg6 Nh5 57. Ne5 Ke7 58. Nc6+ Kf6 59.
Nxa5 Kxg6 60. b4 Nf6 61. b5 Nd7 62. Nb3 Kf5 63. Nc5 Nb6 64. Kd3 e5 65. dxe5
Kxe5 66. Nb3 Nc4 67. Kc3 Nb6 68. Nd4 Nc4 69. Kd3 Kd6 70. Kc3 Kc5 71. Kd3 Nd6
72. Kc3 Nxb5+ 73. Nxb5 Kxb5 74. Kd4 Kc6 1/2-1/2

[Event "XX Festival B"]
[Site "Robecchetto con Induno ITA"]
[Date "2009.12.27"]
[Round "1"]
[White "Puricelli, Giancarlo"]
[Black "Revinelli, Sergio"]
[Result "0-1"]
[WhiteElo "1631"]
[BlackElo "1850"]
[PlyCount "100"]
[EventDate "2009.12.27"]

1. d4 d5 2. Nf3 Nf6 3. e3 c5 4. c3 e6 5. Bd3 Nc6 6. O-O Be7 7. Nbd2 O-O 8. e4
dxe4 9. Nxe4 cxd4 10. cxd4 Nxd4 11. Bd2 Nxe4 12. Bxe4 Nxf3+ 13. Bxf3 Bf6 14.
Qc2 Qb6 15. Bc3 Bxc3 16. Qxc3 Bd7 17. b3 Rac8 18. Qb2 Rc7 19. h4 Rfc8 20. Rac1
h6 21. Qd2 Bc6 22. Bxc6 Rxc6 23. Rxc6 Qxc6 24. Rd1 b6 25. g3 a6 26. Qe2 b5 27.
Rd2 Qc1+ 28. Kg2 Qc7 29. Qd1 Kf8 30. Rd7 Qb6 31. Qd2 Ke8 32. Rd6 Qa7 33. Kg1 a5
34. Qe2 Qc5 35. Rd1 a4 36. bxa4 bxa4 37. Qd3 Qc6 38. Qh7 Qc2 39. Qd3 Qxd3 40.
Rxd3 Rc4 41. Kf1 Ke7 42. Ke2 Rc2+ 43. Rd2 Rxd2+ 44. Kxd2 Kd6 45. Kd3 Kd5 46. f3
g5 47. hxg5 hxg5 48. g4 f5 49. f4 fxg4 50. fxg5 Ke5 0-1

[Event "XX Festival B"]
[Site "Robecchetto con Induno ITA"]
[Date "2009.12.27"]
[Round "1"]
[White "Sala, Gianni"]
[Black "Santarelli, Sabatino"]
[Result "1-0"]
[WhiteElo "1874"]
[BlackElo "1658"]
[PlyCount "83"]
[EventDate "2009.12.27"]

1. e4 e5 2. Nf3 Nf6 3. Nxe5 Nxe4 4. d4 d5 5. Bd3 Bd6 6. O-O O-O 7. Nd2 Nxd2 8.
Bxd2 Nd7 9. f4 Nf6 10. Qf3 c5 11. c3 Qb6 12. c4 cxd4 13. cxd5 Qxb2 14. Nc4 Bg4
15. Nxb2 Bxf3 16. Rxf3 Nxd5 17. Nc4 Bc5 18. Ne5 Nf6 19. Rb1 b6 20. a4 a5 21. g3
Rac8 22. Kg2 Rc7 23. g4 Nd5 24. Rc1 f6 25. Bc4 Rd8 26. Nd3 Kf8 27. Nxc5 Rxc5
28. Bxd5 Rcxd5 29. Rd3 Re8 30. Kf3 h5 31. h3 hxg4+ 32. hxg4 Rd6 33. Rd1 Red8
34. Bc1 Kf7 35. Bb2 Rc8 36. Rxd4 Rdc6 37. Rd6 Rc4 38. Rxb6 Rxa4 39. Rb7+ Kg6
40. Rdd7 Rg8 41. f5+ Kh6 42. Rd1 1-0